000 00741nam a22002297a 4500
008 260612b |||||||| |||| 00| 0 eng d
020 _a9780134087924
050 _aRT 41
_b.S65 2017
100 _aSmith Sandra F.
245 _aClinical nursing skills :
_bbasic to advanced skills /
_cSandra F, Smith...[et al.].
250 _a9th ed.
260 _aBoston :
_bPearson,
_c2017.
300 _axxxiv, 1417p. :
_bill. ;
_c26 cm.
504 _aincludes bibliographical references and index.
650 _anursing care.
650 _aclinical nursing.
700 _aDuell Donna J.
700 _aMartin barbara C.
700 _aAebersold Michelle L.
700 _aGonzalez Laura
942 _2lcc
_hRT 41 .S65 2017
_cBOOKS
999 _c32523
_d32523